| 000 | 00461nam a2200133Ia 4500 | ||
|---|---|---|---|
| 008 | 190723s9999 xx 000 0 und d | ||
| 020 | _a9781741796940 | ||
| 100 | _aBloom, Greg | ||
| 245 |
_cGreg Bloom; Michael Grosberg; Adam Karlin; Kate Morgan _aPhilippines: _beasy-to-use, new-look guide, comprehensive listings/ |
||
| 260 |
_aSingapore: _bLonely Planet _c2012 |
||
| 300 |
_a478 p. : _bcol. ill. ; _c200 cm. |
||
| 500 | _aIncludes index | ||
| 650 | _aPhilippines | ||
| 999 |
_c362012 _d362012 |
||